| 000 | 00762nam a2200289 a 4500 | ||
|---|---|---|---|
| 003 | AR-BaBNM | ||
| 005 | 20251128203709.0 | ||
| 008 | 082120s2002 ||||||||||||||000 | spa|| | ||
| 040 | _cAR-BaBNM | ||
| 100 | 1 | _aWerneck Sodré, Nelson | |
| 245 | 0 | 0 | _aEvolución social y económica del Brasil |
| 260 |
_aBuenos Aires _bEudeba _c1965 |
||
| 300 | _a104 p. | ||
| 490 | 0 | _aBiblioteca de américa | |
| 650 | 4 | _aPERIODO INDEPENDIENTE | |
| 650 | 4 | _aCOLONIZACION | |
| 650 | 4 | _aLATIFUNDIO | |
| 650 | 4 | _aESCLAVITUD | |
| 650 | 4 | _aHISTORIA SOCIAL | |
| 650 | 4 | _aHISTORIA POLITICA | |
| 650 | 4 | _aHISTORIA ECONOMICA | |
| 651 | 4 | _aBrasil | |
| 700 | 1 |
_aMoro Simpson, Thomas _etraductor |
|
| 700 | 1 |
_aCarrera, Alicia _erevisión |
|
| 942 | _cBK | ||
| 998 | _cmariana | ||
| 999 |
_c4531 _d4531 |
||